Achieving Sustainable Transportation from the Perspective of Road Accessibility and Regional Correlations of County Seats in Hungary

Cestná doprava je podsektor, ktorý má vplyv na takmer všetky ekonomické aktivity. Prostredníctvom dopravy sa priamo ovplyvňuje hospodárstvo a sociálne procesy regiónu, alebo krajiny. Uvedomelá a udržateľná dostupnosť hlavného mesta a krajských sídiel je obzvlášť dôležitá, pokiaľ ide o distribúciu to...

Descrizione completa

Salvato in:
Dettagli Bibliografici
Autore principale: Kovács, Áron
Altri autori: Tóth, Tamás, Nagy, Henrietta, Lévai, Imre
Natura: Capitolo di libro
Lingua:inglese
Soggetti:
Tags: Aggiungi Tag
Nessun Tag, puoi essere il primo ad aggiungerne!!

MARC

LEADER 00000naa a2200000 4500
001 0296383
005 20230926095731.0
041 0 |a eng 
044 |a SK 
245 1 0 |a Achieving Sustainable Transportation from the Perspective of Road Accessibility and Regional Correlations of County Seats in Hungary  |c Áron Kovács, Tamás Tóth, Henrietta Nagy, Imre Lévai 
520 |a Cestná doprava je podsektor, ktorý má vplyv na takmer všetky ekonomické aktivity. Prostredníctvom dopravy sa priamo ovplyvňuje hospodárstvo a sociálne procesy regiónu, alebo krajiny. Uvedomelá a udržateľná dostupnosť hlavného mesta a krajských sídiel je obzvlášť dôležitá, pokiaľ ide o distribúciu tovaru, mobilitu pracovnej sily a prístup k službám. Identifikácia sídiel krajov, ktoré si vyžadujú rozvoj, a uľahčenie mapovania regionálnych vzťahov medzi hlavným mestom a župnými sídlami. 
610 2 0 |a doprava 
610 2 0 |a doprava lodná 
610 2 0 |a preprava 
610 2 0 |a regióny 
610 2 0 |a korelácia 
610 2 0 |a logistika 
100 1 |a Kovács, Áron 
700 1 |a Tóth, Tamás 
700 1 |a Nagy, Henrietta 
700 1 |a Lévai, Imre